000 00632nam a2200217Ia 4500
005 20241216010702.0
008 180423s9999||||xx |||||||||||||| ||und||
082 _a515.35
_bW42
100 _aWEINBERGER, HANS F.
245 0 _aECUACIONES DIFERENCIALES EN DERIVADAS PARCIALES
_bCON MÚTODOS DE VARIABLE COMPLEJA Y DE TRANSFORMACIONES INTEGRALES
250 _a0
260 _aESPA±A
_bREVERTE
_c1970
300 _a467 pag.
_c22 cm
341 _h0
490 _v0
_a0
505 _aUNIDIMENSIONALES-ECUACIONES/PROBLEMAS-FUNCIONES
541 _aC
_d04-Jan-95
650 _aCIENCIAS PURAS
856 _zDeposito
942 _cLIBRO
999 _c21221
_d21221